000 00437nam a2200181Ia 4500
001 9851
005 20260306161748.0
008 260306t2011||||xx |||||||||||||| ||spa||
041 _aESP
082 _a470
_bM65
100 _aMisari Torpoco, David Efraín
_eAUT
245 0 _aEl ABC del derecho latín jurídico
260 _c2011
300 _a157 páginas :
_c24 cm.
650 _aGEN
654 _aCHU
942 _cLIB
_dJUS
_fJUS
_2ddc
_n
999 _c9851
_d9851